Представление документа в формате RUSMARC

ПолеНазваниеЗначение
  Тип записи a
  Библиографический уровень a
001 Контрольный номер RU/CBS_Ul/BASE/470830482
005 Дата корректировки 20240209175144.4
100 Данные общей обработки __
a Данные общей обработки 20141202d2014 ||| 0rusy0189 ca
101 Язык документа 0_
a Язык текста rus
102 Страна публикации __
a Страна публикации RU
105 Кодированные данные (монография) __
a Кодированные данные (монография) y###||||000|y
200 Заглавие и сведения об ответственности 1_
a Заглавие Алексей Щусев: зодчий всея Руси
b Общее обозначение материала Текст
e Сведения, относящиеся к заглавию [избранные главы]
f Первые сведения об ответственности А. Васькин
225 Серия 0_
a Серия Рубрика газеты/журнала
300 Общие примечания __
a Общие примечания Ограничения по возрасту 16 +
461 Уровень набора _0
1 2000
a Москва
463 Уровень физической единицы _0
1 001RU/CBS_Ul/BASE/470829824
1 2000
a №11
v С. 227-231
1 210
d 2014
610 Ключевые слова 0_
a Ключевые слова архитектура
a Ключевые слова Казанский вокзал
a Ключевые слова архитектор
686 Индексы других классификаций __
a Классификационный индекс 85.113(2)
2 Код системы ББК
700 Автор _1
a Фамилия Васькин
b Имя (инициалы) А.
801 Источник записи _0
a Страна RU
b Организация МБУК ЦБС г. Ульяновска
c Дата составления 20141202
g Правила каталогизации RCR
801 Источник записи _1
a Страна RU
b Организация МБУК ЦБС г. Ульяновска
c Дата составления 20141202
g Правила каталогизации RCR
901 Тип документа __
t Тип документа b
w Контрольный № источника RU/CBS_Ul/BASE/470829824
910 Корректоры записи __
a Корректор записи Ильина
938 Служебная информация __
a Имя БД period